000 00779cam a2200241Ja 4500
008
020 _a0631172416 (hbk.)
049 _aMAIN
090 _aQA76.9.M65
_bFOR
100 1 _aForester, Tom.
245 1 0 _aComputer ethics :
_bcautionary tales and ethical dilemmas in computing /
_cTom Forester and Perry Morrison.
260 _aOxford, UK :
_bB. Blackwell,
_c1990.
300 _aviii, 193p. ;
_c23cm.
500 _aIncludes index.
504 _aIncludes bibliographical references.
650 0 _aElectronic data processing
_xMoral and ethical aspects.
700 1 _aMorrison, Perry.
907 _a.b10023008
_b25-06-09
_c17-04-03
003
005 20230120193552.0
040 _cNUST
942 _cBOOKS
_kQA76.9.M65
_mFOR
999 _c101452
_d101452